[Event "World Youth U16 Olympiad"]
[Site "Gyor HUN"]
[Date "2014.12.14"]
[Round "2.4"]
[Board "1"]
[White "Plenca, Jadranko"]
[Black "Cao, Jason"]
[Result "1-0"]
[WhiteTitle "FM"]
[BlackTitle "FM"]
[WhiteElo "2313"]
[BlackElo "2309"]
[WhiteTeam "Croatia"]
[BlackTeam "Canada 1"]
[WhiteFideId "14527146"]
[BlackFideId "2611112"]
[EventDate "2014.12.13"]

1. e4 c5 2. Nf3 d6 3. Bb5+ Nd7 4. O-O a6 5. Bd3 b5 6. c4 bxc4 7. Bxc4 Ngf6 8.
Nc3 g6 9. d4 cxd4 10. Nxd4 Bg7 11. Re1 Nb6 12. Bb3 O-O 13. Nc6 Qc7 14. Nd5 Nbxd5
15. exd5 e6 16. Bg5 Nxd5 17. Bxd5 exd5 18. Ne7+ Kh8 19. Nxd5 Qb7 20. Be7 Re8 21.
Bf6 Rxe1+ 22. Qxe1 Bxf6 23. Nxf6 Be6 24. Qc3 Qc8 25. Qe3 Kg7 26. Ne4 Qc4 27.
Nxd6 Qd5 28. Ne4 Rd8 29. h3 Qd4 30. Qxd4+ Rxd4 31. Nc5 a5 32. Nxe6+ fxe6 33. Rc1
Kf6 34. Rc2 h5 35. Kf1 e5 36. Ke2 Kf5 37. b3 Rd5 38. Rc4 e4 1-0

[Event "World Youth U16 Olympiad"]
[Site "Gyor HUN"]
[Date "2014.12.14"]
[Round "2.4"]
[Board "3"]
[White "Livaic, Leon"]
[Black "Song, Michael"]
[Result "1/2-1/2"]
[WhiteElo "2193"]
[BlackElo "2257"]
[WhiteTeam "Croatia"]
[BlackTeam "Canada 1"]
[WhiteFideId "14531534"]
[BlackFideId "2613190"]
[EventDate "2014.12.13"]

1. d4 e6 2. c4 f5 3. g3 Nf6 4. Bg2 Be7 5. Nf3 O-O 6. O-O d6 7. Nc3 Ne4 8. Qc2
Nxc3 9. Qxc3 a5 10. b3 Nc6 11. Bb2 Bf6 12. a3 e5 13. e3 f4 14. exf4 e4 15. Ne5
dxe5 16. fxe5 Be7 17. Bxe4 Bf5 18. Qe3 Qe8 19. Bxf5 Rxf5 20. d5 Nb8 21. d6 Bd8
22. Qe4 Rf8 23. e6 Nc6 24. e7 Bxe7 25. dxe7 Qxe7 26. Qxe7 Nxe7 27. Rfe1 Nc6 28.
Rad1 Rad8 29. f4 g6 30. Bc3 Kf7 31. Kf2 Rfe8 32. b4 axb4 33. axb4 Rxe1 34. Kxe1
Rxd1+ 35. Kxd1 b5 36. cxb5 Na7 37. Kc2 Ke6 38. Kd3 Kd5 39. Bd4 Nxb5 40. Bc5 c6
41. Ke3 Nc7 42. Kf3 Ne6 43. Be7 Nd4+ 44. Kg4 Ke6 45. Bc5 Nf5 46. Kf3 Kd5 47. g4
Ng7 48. Be7 Ke6 49. Bf8 Ne8 50. Bc5 Nf6 51. h3 h5 52. Kg3 hxg4 53. hxg4 Ne4+ 54.
Kh4 Kf6 55. Bd4+ Ke6 56. Bb2 c5 57. b5 c4 58. b6 Kd7 59. f5 gxf5 60. gxf5 Kc6
61. Bd4 Nd6 62. Kg5 Nxf5 63. Kxf5 c3 64. Bxc3 Kxb6 1/2-1/2

[Event "World Youth U16 Olympiad"]
[Site "Gyor HUN"]
[Date "2014.12.14"]
[Round "2.4"]
[Board "4"]
[White "Zhou, Qiyu"]
[Black "Muha, Miljenko"]
[Result "1/2-1/2"]
[WhiteTitle "WFM"]
[WhiteElo "2156"]
[BlackElo "2105"]
[WhiteTeam "Canada 1"]
[BlackTeam "Croatia"]
[WhiteFideId "505161"]
[BlackFideId "14533332"]
[EventDate "2014.12.13"]

1. d4 Nf6 2. c4 g6 3. f3 d5 4. cxd5 Nxd5 5. e4 Nb6 6. Nc3 Bg7 7. Be3 O-O 8. Qd2
Qd6 9. Nb5 Qd7 10. Rd1 Rd8 11. Na3 a6 12. Nc4 Nxc4 13. Bxc4 c5 14. dxc5 Bxb2 15.
Ne2 Nc6 16. Qxd7 Rxd7 17. Rb1 Bg7 18. Kf2 Ne5 19. Rhc1 Rc7 20. Nf4 e6 21. Be2
Bd7 22. Nd3 Nxd3+ 23. Bxd3 Rac8 24. Rb3 Bc6 25. Ke2 Bf8 26. Rbc3 Rd7 27. Bg5 Bg7
28. Rb3 Bd4 29. Be3 Bf6 30. Bf4 Be7 31. Rbc3 Rcd8 32. Bc2 Bf6 33. e5 Be7 34. Bb3
Rc8 35. Be3 Kf8 36. Kf2 Ke8 37. f4 Kd8 38. g4 Kc7 39. Kg3 Rcd8 40. Bc2 Rd5 41.
Rf1 h5 42. g5 R5d7 43. h4 Rc8 44. Rc1 Kb8 45. Kf2 Bd5 46. Bb3 Bxb3 47. axb3 Rc6
48. b4 Rd5 49. Ke2 Kc7 50. Rb3 Kc8 51. b5 axb5 52. Rxb5 Rd7 53. Ra1 Rdc7 54.
Ra8+ Kd7 55. Raa5 Ra6 56. Kd3 Rxa5 57. Rxa5 Kc6 58. Kc4 Rc8 59. Bd4 Rd8 60. Ra2
Rc8 61. Ra7 Bd8 62. Bc3 Bc7 63. Ra2 Rd8 64. Bd4 Rb8 65. Ra7 Rc8 66. Ra2 Rd8 67.
Ra3 Re8 68. Ra2 Rc8 69. Ra3 Bd8 70. Ra2 Be7 71. Ra5 Rd8 72. Ra2 Rd5 73. Ra8 Rd8
74. Ra2 Rc8 1/2-1/2

[Event "World Youth U16 Olympiad"]
[Site "Gyor HUN"]
[Date "2014.12.14"]
[Round "2.5"]
[Board "1"]
[White "Nigmatov, Ortik"]
[Black "Theodorou, Nikolas"]
[Result "1-0"]
[WhiteElo "2236"]
[BlackElo "2321"]
[WhiteTeam "Uzbekistan"]
[BlackTeam "Greece"]
[WhiteFideId "14202131"]
[BlackFideId "4262875"]
[EventDate "2014.12.13"]

1. e4 e5 2. Nf3 Nc6 3. Bc4 Bc5 4. c3 Nf6 5. d4 exd4 6. e5 d5 7. Bb5 Ne4 8. cxd4
Bb6 9. O-O O-O 10. Be3 Bd7 11. Be2 f6 12. exf6 Qxf6 13. Nc3 Nxc3 14. bxc3 Rae8
15. Qd2 Bg4 16. h3 Bh5 17. Rfe1 Qd6 18. Rab1 h6 19. Nh4 Bxe2 20. Qxe2 Ne7 21.
Qg4 Qf6 22. f3 Kh7 23. Bd2 Nc8 24. Kh1 Nd6 25. Re5 g5 26. Bxg5 hxg5 27. Rxg5 Nf7
28. Rg6 Nh6 29. Qh5 Qf4 30. g3 Qd2 31. f4 Re1+ 32. Rxe1 Qxe1+ 33. Kh2 Qe2+ 34.
Qxe2 1-0

[Event "World Youth U16 Olympiad"]
[Site "Gyor HUN"]
[Date "2014.12.14"]
[Round "2.5"]
[Board "2"]
[White "Drakoulakos, Grigorios"]
[Black "Yakubboev, Nodirbek"]
[Result "0-1"]
[WhiteElo "2334"]
[BlackElo "2144"]
[WhiteTeam "Greece"]
[BlackTeam "Uzbekistan"]
[WhiteFideId "4264541"]
[BlackFideId "14203987"]
[EventDate "2014.12.13"]

1. e4 e5 2. Nf3 Nc6 3. Bb5 g6 4. O-O Bg7 5. c3 a6 6. Ba4 d6 7. d4 Bd7 8. d5 Nce7
9. Bxd7+ Qxd7 10. Be3 Nf6 11. Nfd2 O-O 12. c4 Ng4 13. Bg5 f6 14. Bh4 f5 15. Nc3
h6 16. h3 Nf6 17. f3 b6 18. b4 a5 19. a3 g5 20. Bf2 g4 21. fxg4 fxg4 22. h4 Nh5
23. g3 Ng6 24. Be1 Ngf4 25. Ra2 Nd3 26. bxa5 bxa5 27. Rc2 Rab8 28. Qe2 Nc5 29.
Nd1 Rxf1+ 30. Qxf1 Qa4 31. Ne3 Rf8 32. Qe2 Qxa3 33. Nf5 Nf6 34. Bf2 Qd3 35. Qxd3
Nxd3 36. Ra2 Ra8 37. Ra3 Nxf2 38. Kxf2 Nd7 39. Nb3 a4 40. Nd2 Nc5 41. h5 Rb8 42.
Ke2 Kh7 43. Ne3 Rb2 44. Nd1 Rb4 45. Ra2 Bf6 46. Ne3 Bg5 47. Rc2 a3 48. Nxg4 Rb2
49. Ne3 a2 50. Rxb2 a1=Q 51. Rb1 Qc3 52. Nef1 Qd3+ 53. Ke1 Nxe4 0-1

[Event "World Youth U16 Olympiad"]
[Site "Gyor HUN"]
[Date "2014.12.14"]
[Round "2.5"]
[Board "3"]
[White "Abdusattorova, Bakhora"]
[Black "Kourkoulos-Arditis, Stamatis"]
[Result "0-1"]
[WhiteTitle "WFM"]
[BlackTitle "FM"]
[WhiteElo "2216"]
[BlackElo "2294"]
[WhiteTeam "Uzbekistan"]
[BlackTeam "Greece"]
[WhiteFideId "14204126"]
[BlackFideId "4221990"]
[EventDate "2014.12.13"]

1. d4 Nf6 2. c4 e6 3. Nc3 Bb4 4. e3 O-O 5. Ne2 c6 6. a3 Ba5 7. Ng3 d5 8. Bd3
Nbd7 9. O-O dxc4 10. Bxc4 e5 11. b4 Bc7 12. Nce2 Nb6 13. Bb3 e4 14. f3 exf3 15.
gxf3 h5 16. Rf2 h4 17. Nf1 Nh7 18. Kh1 Ng5 19. Ng1 a5 20. bxa5 Rxa5 21. Bd2 Ra8
22. Bc1 Qf6 23. Raa2 Rd8 24. Rad2 Bd6 25. Ra2 Qe7 26. Qd3 Ra5 27. Bc2 Be6 28.
Ra1 c5 29. Qc3 Rda8 30. dxc5 Rxc5 31. Qe1 Rac8 32. Bd3 Rc3 33. Qd1 Bb3 34. Qd2
Na4 35. e4 Ne6 36. Ne2 R3c7 37. Rb1 Bc2 38. Bxc2 Rxc2 39. Qe1 Nec5 40. Qd1 Nxe4
41. fxe4 Qxe4+ 42. Rg2 h3 0-1

[Event "World Youth U16 Olympiad"]
[Site "Gyor HUN"]
[Date "2014.12.14"]
[Round "2.5"]
[Board "4"]
[White "Tsolakidou, Stavroula"]
[Black "Abdusattorov, Nodirbek"]
[Result "1/2-1/2"]
[WhiteTitle "WFM"]
[BlackTitle "FM"]
[WhiteElo "2290"]
[BlackElo "2186"]
[WhiteTeam "Greece"]
[BlackTeam "Uzbekistan"]
[WhiteFideId "4264312"]
[BlackFideId "14204118"]
[EventDate "2014.12.13"]

1. e4 e5 2. Nf3 Nc6 3. Bb5 Nf6 4. d3 Bc5 5. Bxc6 dxc6 6. O-O Nd7 7. Nbd2 O-O 8.
Nc4 Re8 9. Be3 Bf8 10. a4 a5 11. Kh1 f6 12. Nfd2 b6 13. f4 exf4 14. Bxf4 Nc5 15.
Qh5 Be6 16. Ne3 Qd4 17. Nf3 Qd7 18. Nd2 b5 19. axb5 cxb5 20. Nd5 Bxd5 21. Qxd5+
Qxd5 22. exd5 Bd6 23. Bxd6 cxd6 24. Rfe1 f5 25. Nf3 Rxe1+ 26. Rxe1 b4 27. Nd4 a4
28. Nxf5 a3 29. bxa3 bxa3 30. Ra1 a2 31. g4 Ra6 32. Ne7+ Kf7 33. Nc6 Ra4 34. h3
Kg6 35. Kg2 h5 36. gxh5+ Kxh5 37. Kf3 Kh4 38. Ne7 Na6 39. Nc6 g6 40. Kg2 g5 41.
Kf3 Ra3 42. Kg2 Ra4 43. Kf3 Nc5 44. Ne7 Kh5 45. Nc6 Kg6 46. Ke3 Kh6 47. Nd4 Kh5
48. Nb5 Nb7 49. Nc3 Ra3 50. Kd2 Kh4 51. Ne4 Ra8 52. Kc1 Ra5 53. Kb2 Rxd5 54.
Kxa2 Nc5 55. Nd2 Kxh3 56. Rh1+ Kg3 57. Rh5 Kg4 58. Rh6 Kf4 59. Rf6+ 1/2-1/2

[Event "World Youth U16 Olympiad"]
[Site "Gyor HUN"]
[Date "2014.12.14"]
[Round "2.6"]
[Board "1"]
[White "Karthikeyan, Murali"]
[Black "Nikitenko, Mihail"]
[Result "1-0"]
[WhiteTitle "IM"]
[WhiteElo "2497"]
[BlackElo "2379"]
[WhiteTeam "India"]
[BlackTeam "Belarus"]
[WhiteFideId "5074452"]
[BlackFideId "13506862"]
[EventDate "2014.12.13"]

1. e4 c5 2. Nf3 d6 3. d4 cxd4 4. Nxd4 Nf6 5. Nc3 a6 6. a4 e6 7. Be2 b6 8. Bf3
Nfd7 9. O-O Bb7 10. e5 d5 11. Bg4 Nxe5 12. Bxe6 Bc5 13. Bxd5 Bxd5 14. Nf5 Be6
15. Nxg7+ Ke7 16. Qh5 f6 17. Rd1 Nbd7 18. Nf5+ Bxf5 19. Nd5+ Kd6 20. Qxf5 Kc6
21. b4 Bd6 22. Qe4 f5 23. Ne7+ Kc7 24. Nxf5 Be7 25. Bf4 Bf6 26. Rd6 Re8 27. Rad1
Ra7 28. Rxd7+ 1-0

[Event "World Youth U16 Olympiad"]
[Site "Gyor HUN"]
[Date "2014.12.14"]
[Round "2.6"]
[Board "2"]
[White "Kazakovskiy, Valeriy"]
[Black "Aravindh, Chithambaram VR."]
[Result "0-1"]
[BlackTitle "IM"]
[WhiteElo "2378"]
[BlackElo "2476"]
[WhiteTeam "Belarus"]
[BlackTeam "India"]
[WhiteFideId "13507443"]
[BlackFideId "5072786"]
[EventDate "2014.12.13"]

1. e4 c5 2. Nf3 Nc6 3. Bb5 d6 4. O-O Bd7 5. Re1 Nf6 6. c3 a6 7. Bf1 Bg4 8. d3 e6
9. Nbd2 Be7 10. h3 Bh5 11. g3 d5 12. Bg2 O-O 13. Qc2 Rc8 14. Nh2 dxe4 15. dxe4
Ne5 16. Ndf3 Nd3 17. Re2 c4 18. Bg5 Nd7 19. Bxe7 Qxe7 20. Ng4 b5 21. Nd4 N7e5
22. Nxe5 Bxe2 23. Nec6 Qf6 24. e5 Qxf2+ 25. Kh1 Rxc6 26. Bxc6 Qxg3 27. Bg2 Nf2+
28. Kg1 Nxh3+ 29. Kh1 Nf2+ 30. Kg1 Nh3+ 31. Kh1 Bd3 0-1

[Event "World Youth U16 Olympiad"]
[Site "Gyor HUN"]
[Date "2014.12.14"]
[Round "2.6"]
[Board "3"]
[White "Kumaran, B"]
[Black "Zarubitski, Viachaslau"]
[Result "1-0"]
[BlackTitle "FM"]
[WhiteElo "2316"]
[BlackElo "2219"]
[WhiteTeam "India"]
[BlackTeam "Belarus"]
[WhiteFideId "5038472"]
[BlackFideId "13509373"]
[EventDate "2014.12.13"]

1. b3 d5 2. Bb2 Nf6 3. Nf3 e6 4. e3 c5 5. Ne5 a6 6. Be2 Bd6 7. f4 Qc7 8. O-O Nc6
9. Nxc6 bxc6 10. Qe1 Qe7 11. Qg3 O-O 12. d3 Re8 13. Be5 g6 14. Nd2 Nd7 15. Nf3
f6 16. Bxd6 Qxd6 17. e4 e5 18. f5 g5 19. h4 h6 20. hxg5 hxg5 21. Nxg5 fxg5 22.
Qxg5+ Kf8 23. f6 Re6 24. Qg7+ Ke8 25. f7+ Kd8 26. f8=Q+ Nxf8 27. Rxf8+ Re8 28.
Rxe8+ Kxe8 29. Rf1 Be6 30. Bh5+ Kd8 31. Rf8+ 1-0

[Event "World Youth U16 Olympiad"]
[Site "Gyor HUN"]
[Date "2014.12.14"]
[Round "2.6"]
[Board "4"]
[White "Badelka, Olga"]
[Black "Monnisha, GK"]
[Result "1-0"]
[BlackTitle "WFM"]
[WhiteElo "1996"]
[BlackElo "2110"]
[WhiteTeam "Belarus"]
[BlackTeam "India"]
[WhiteFideId "13509926"]
[BlackFideId "5009936"]
[EventDate "2014.12.13"]

1. d4 Nf6 2. c4 e6 3. Nc3 Bb4 4. e3 O-O 5. Ne2 d5 6. a3 Be7 7. cxd5 exd5 8. Nf4
a5 9. g3 c6 10. Bg2 Na6 11. O-O Re8 12. f3 Nc7 13. e4 Ne6 14. e5 Nd7 15. Nxe6
fxe6 16. f4 Nf8 17. Be3 b5 18. g4 Bd7 19. f5 Bg5 20. Qd2 Bxe3+ 21. Qxe3 Qh4 22.
f6 gxf6 23. Rxf6 Ng6 24. h3 Rf8 25. Raf1 Rxf6 26. exf6 Kf7 27. Ne2 Re8 28. Nf4
Qg5 29. Nxd5 Qxe3+ 30. Nxe3 h6 31. Kh2 Rd8 32. Kg3 Be8 33. Nc2 e5 34. dxe5 Nxe5
35. Be4 Rd6 36. h4 Rxf6 37. Bf5 Kg7 38. Re1 Rxf5 39. gxf5 Kf6 40. Ne3 h5 41. Rd1
Ke7 42. Kf4 Nf7 43. Re1 Kf8 44. f6 Bd7 45. Nf5 c5 46. Re7 Bc6 47. Rc7 Be8 48.
Rc8 1-0

[Event "World Youth U16 Olympiad"]
[Site "Gyor HUN"]
[Date "2014.12.14"]
[Round "2.7"]
[Board "1"]
[White "Markoja, Boris"]
[Black "Vorontsov, Pavlo"]
[Result "0-1"]
[WhiteTitle "FM"]
[BlackTitle "FM"]
[WhiteElo "2335"]
[BlackElo "2374"]
[WhiteTeam "Slovenia"]
[BlackTeam "Ukraine"]
[WhiteFideId "14608502"]
[BlackFideId "14116367"]
[EventDate "2014.12.13"]

1. c4 Nf6 2. g3 e5 3. Bg2 d5 4. cxd5 Nxd5 5. Nc3 Nb6 6. Nf3 Nc6 7. O-O Be7 8.
Rb1 a5 9. d3 Be6 10. Be3 f5 11. Bxb6 cxb6 12. Qa4 O-O 13. Rfd1 Bf6 14. Nd2 Rc8
15. Nc4 Nd4 16. e3 Bd7 17. Qa3 Be7 18. Nd6 Be6 19. exd4 Bxd6 20. Qa4 exd4 21.
Qxd4 Bc5 22. Qxd8 Rfxd8 23. Bxb7 Rc7 24. Ba6 Kf7 25. Bc4 Rcd7 26. Kf1 Bxc4 27.
dxc4 Rd2 28. Rxd2 Rxd2 29. Nd1 Rc2 30. b3 Bd4 31. a4 Ke6 32. Kg2 g5 33. h3 h5
34. g4 hxg4 35. hxg4 f4 36. Kf3 Rd2 37. Ke4 Bf6 38. Rc1 Bg7 39. Rb1 Be5 40. Kf3
Bd4 41. Ke4 Bc5 42. Rc1 Rd4+ 43. Kf3 Rd3+ 44. Ke4 Rxb3 45. Nc3 Bxf2 46. Nd5 Rh3
47. Rd1 Bc5 48. Nc7+ Kf6 49. Nd5+ Kg6 50. Rb1 f3 51. Ne3 f2 52. Nf1 Rc3 53. Kd5
Rd3+ 0-1

[Event "World Youth U16 Olympiad"]
[Site "Gyor HUN"]
[Date "2014.12.14"]
[Round "2.7"]
[Board "2"]
[White "Osmak, Iulija"]
[Black "Unuk, Laura"]
[Result "1-0"]
[WhiteTitle "WFM"]
[BlackTitle "WIM"]
[WhiteElo "2308"]
[BlackElo "2249"]
[WhiteTeam "Ukraine"]
[BlackTeam "Slovenia"]
[WhiteFideId "14101602"]
[BlackFideId "14609215"]
[EventDate "2014.12.13"]

1. e4 e6 2. d4 d5 3. e5 c5 4. c3 Nc6 5. Nf3 Bd7 6. Be2 Nge7 7. O-O Ng6 8. Be3
Be7 9. a3 Qc7 10. b4 cxd4 11. cxd4 f6 12. exf6 Bxf6 13. Qd2 O-O 14. Nc3 Nce7 15.
Rac1 Qd8 16. Bd3 Nc8 17. Bxg6 hxg6 18. Bf4 Nb6 19. Qd3 Be8 20. Rfe1 g5 21. Bg3
Nc4 22. Rxe6 g4 23. Ne5 Bxe5 24. dxe5 Bf7 25. Rg6 Bxg6 26. Qxg6 Qb6 27. Qxg4
Nxe5 28. Qg5 Nf7 29. Qxd5 Rad8 30. Qb3 Rfe8 31. h3 Rd3 32. Qc4 Rd4 33. Qa2 Qh6
34. Rc2 Qe6 35. Qxe6 Rxe6 36. Nb5 Rd1+ 37. Kh2 Ng5 38. f3 a6 39. Nc7 Rg6 40. b5
axb5 41. Nxb5 Ne6 42. Rb2 Nc5 43. Nc3 Rd3 44. Ne2 Rxa3 45. Nf4 Rc6 46. Nd5 Kf7
47. Bf2 Rb3 48. Re2 Ne6 49. Ne3 Nf4 50. Rd2 Rd3 51. Rb2 Rd7 52. Ng4 Re6 53. Bg3
Nd3 54. Rb3 Ke7 55. f4 Nc5 56. Rb2 Nd3 57. Rb3 Re4 58. f5 Rb4 59. Bh4+ Ke8 60.
Rc3 Rb2 61. f6 Nf4 62. Rc8+ Kf7 63. Ne5+ Ke6 64. Re8+ Kf5 65. Nxd7 Rxg2+ 66. Kh1
gxf6 67. Re3 Rd2 68. Nxf6 Rd1+ 69. Kh2 Rd2+ 70. Kg1 Ng6 71. Rf3+ Ke6 72. Bg3 b5
73. Ng4 Ne7 74. Re3+ Kf7 75. Ne5+ Kg7 76. Rf3 Kg8 77. Rf4 Nd5 78. Rg4+ Kf8 79.
Nc6 Rd1+ 80. Kf2 Rc1 81. Bd6+ Kf7 82. Nb4 Nf6 83. Rd4 Ke6 84. Bf4 Rc3 85. Be3
Ra3 86. Nd3 Kf5 87. Kf3 Ra1 88. Rb4 Ra5 89. Bb6 Ra3 90. Rxb5+ Ke6 91. Ke2 Nd5
92. Rb2 Kf5 93. Bd4 Ra4 94. Bf2 Nf6 95. Rb5+ Kg6 96. Ne5+ Kh6 1-0

[Event "World Youth U16 Olympiad"]
[Site "Gyor HUN"]
[Date "2014.12.14"]
[Round "2.7"]
[Board "3"]
[White "Cretnik, Urban"]
[Black "Matviishen, Viktor"]
[Result "0-1"]
[BlackTitle "FM"]
[WhiteElo "2214"]
[BlackElo "2383"]
[WhiteTeam "Slovenia"]
[BlackTeam "Ukraine"]
[WhiteFideId "14608480"]
[BlackFideId "14129850"]
[EventDate "2014.12.13"]

1. e4 c5 2. c3 d5 3. exd5 Qxd5 4. d4 Nc6 5. Nf3 Bf5 6. Na3 cxd4 7. Bc4 Qe4+ 8.
Be3 e6 9. cxd4 Bb4+ 10. Kf1 Bxa3 11. bxa3 Nge7 12. Ng5 Qc2 13. Qxc2 Bxc2 14. Rc1
Bg6 15. h4 h6 16. Nh3 O-O 17. Nf4 Rfd8 18. Nxg6 Nxg6 19. Rd1 Rd7 20. Bb5 Nge7
21. g4 Rad8 22. g5 h5 23. g6 Nxg6 24. Be2 Nxd4 25. Bxh5 Nf5 26. Rxd7 Rxd7 27.
Bxa7 Nf4 28. Bf3 Rd3 29. Be3 b5 30. Bxf4 Rxf3 31. Bc1 e5 32. Ke2 Nd4+ 33. Kf1 e4
34. Be3 Nf5 35. Ke2 Rxe3+ 0-1

[Event "World Youth U16 Olympiad"]
[Site "Gyor HUN"]
[Date "2014.12.14"]
[Round "2.7"]
[Board "4"]
[White "Shtembuliak, Evgeny"]
[Black "Bratkovic, Jakob"]
[Result "1-0"]
[WhiteTitle "FM"]
[WhiteElo "2257"]
[BlackElo "2158"]
[WhiteTeam "Ukraine"]
[BlackTeam "Slovenia"]
[WhiteFideId "14113325"]
[BlackFideId "14608634"]
[EventDate "2014.12.13"]

1. e4 c5 2. Nc3 Nc6 3. Bb5 Nd4 4. Bc4 g6 5. Nge2 Bg7 6. Nxd4 cxd4 7. Qf3 e6 8.
Nb5 d6 9. Qa3 Ke7 10. c3 dxc3 11. dxc3 a6 12. Bd3 Rb8 13. Nd4 e5 14. Nc2 Nf6 15.
O-O Re8 16. Bg5 h6 17. Bxf6+ Bxf6 18. Qb3 Kf8 19. Bxa6 Kg7 20. Bc4 Rf8 21. Nb4
Bd7 22. Rad1 Bc6 23. Bd5 Qd7 24. Qc2 Bd8 25. Qd3 Ba5 26. Nc2 Bb5 27. Bc4 Bc6 28.
b4 b5 29. Bxf7 Qxf7 30. bxa5 b4 31. Qxd6 Bb5 32. Qxe5+ Kh7 33. Nxb4 Bxf1 34.
Rxf1 Rbe8 35. Qd4 Ra8 36. a6 Rfd8 37. Qe3 Qc4 38. f4 Rdc8 39. Rf3 Re8 40. e5
Rad8 41. h3 Rf8 42. Kh2 Qb5 43. Qe4 Qb6 44. Nd5 Qxa6 45. Nf6+ Rxf6 46. exf6 Qxf6
47. f5 Qd6+ 48. Qf4 Qxf4+ 49. Rxf4 gxf5 50. Rxf5 Rd2 51. a4 Ra2 52. a5 Ra3 53.
Rc5 Kg6 54. Kg3 Ra2 55. Rc6+ Kg5 56. h4+ Kh5 57. Kh3 1-0

[Event "World Youth U16 Olympiad"]
[Site "Gyor HUN"]
[Date "2014.12.14"]
[Round "2.8"]
[Board "1"]
[White "Gledura, Benjamin"]
[Black "Morozov, Nichita"]
[Result "1-0"]
[WhiteTitle "IM"]
[BlackTitle "FM"]
[WhiteElo "2450"]
[BlackElo "2307"]
[WhiteTeam "Hungary 1"]
[BlackTeam "Moldova"]
[WhiteFideId "712779"]
[BlackFideId "13900897"]
[EventDate "2014.12.13"]

1. d4 Nf6 2. c4 e6 3. Nf3 Be7 4. g3 O-O 5. Bg2 d5 6. O-O dxc4 7. Ne5 Nc6 8. Nxc6
bxc6 9. e3 Rb8 10. Qa4 Rb6 11. Nd2 c5 12. dxc5 Bxc5 13. Nxc4 Rb4 14. Qc2 Ba6 15.
b3 Qb8 16. Bd2 Rb5 17. Rfd1 Bb7 18. Bxb7 Rxb7 19. Na5 Bd6 20. Nxb7 Qxb7 21. Rf1
h5 22. Rac1 Qf3 23. Qd1 Qf5 24. Rc4 e5 25. e4 Qh3 26. f3 Rd8 27. Qe2 Nd7 28. Be3
a6 29. Rd1 Kh7 30. Qf1 Qe6 31. Kg2 Nf8 32. Rd5 Ng6 33. Rc2 f5 34. Rdd2 fxe4 35.
fxe4 Rf8 36. Qd1 h4 37. Rf2 hxg3 38. hxg3 Nf4+ 39. gxf4 exf4 40. Qh5+ Kg8 41.
Bc1 Qxe4+ 42. Qf3 Qf5 43. Rcd2 Qg6+ 44. Kf1 Rf5 45. Rg2 Qh6 46. Bb2 Bf8 47. Rh2
Qb6 48. Rh8+ Kf7 49. Qd3 1-0

[Event "World Youth U16 Olympiad"]
[Site "Gyor HUN"]
[Date "2014.12.14"]
[Round "2.8"]
[Board "2"]
[White "Abramciuc, Marius"]
[Black "Korpa, Bence"]
[Result "0-1"]
[BlackTitle "IM"]
[WhiteElo "2204"]
[BlackElo "2415"]
[WhiteTeam "Moldova"]
[BlackTeam "Hungary 1"]
[WhiteFideId "13900609"]
[BlackFideId "706671"]
[EventDate "2014.12.13"]

1. e4 c5 2. Nc3 Nc6 3. Bb5 Nd4 4. Bc4 e6 5. Nge2 Nf6 6. d3 d5 7. exd5 exd5 8.
Bb3 Nxb3 9. axb3 d4 10. Ne4 Nxe4 11. dxe4 Bd6 12. Bf4 Bg4 13. Qd2 Bxe2 14. Bxd6
Qxd6 15. Qxe2 O-O 16. O-O a6 17. f4 Rfe8 18. e5 Qd5 19. Rf3 f6 20. Rh3 fxe5 21.
Qh5 h6 22. Re1 Qf7 23. fxe5 Qxh5 24. Rxh5 Re6 25. Rh4 a5 26. Rhe4 Rf8 27. R1e2
b6 28. Rf2 Rfe8 29. Rfe2 Kf7 30. Kf2 Ke7 31. Rf4 Kd7 32. Rf7+ R6e7 33. Rxe7+
Rxe7 34. Kf3 Ke6 35. Kg4 g6 36. Kf4 Rf7+ 37. Ke4 Rf5 38. Kd3 Rxe5 39. Rf2 b5 40.
Rf8 Rg5 41. g3 Rh5 42. h4 Re5 43. Re8+ Kd6 44. Rh8 h5 45. Kd2 Re3 46. Rd8+ Kc6
47. Rc8+ Kb6 48. Rb8+ Ka6 49. Rc8 Kb6 50. Rb8+ Kc6 51. Rc8+ Kd5 52. Rd8+ Ke4 53.
Rc8 Rxg3 54. Rxc5 Rg2+ 55. Kd1 b4 56. Rxa5 Rg4 57. Ra6 Kf3 58. Rb6 Kg3 59. Ke2
Kxh4 60. Kf2 Kh3 61. Rxb4 d3 62. c4 Re4 63. Rb6 g5 64. Rd6 g4 65. Rxd3+ Kh2 66.
c5 Rf4+ 67. Ke3 Rf8 68. Rd4 Kh3 69. c6 g3 70. c7 g2 71. Rd1 Rc8 72. Kf2 Kh2 0-1

[Event "World Youth U16 Olympiad"]
[Site "Gyor HUN"]
[Date "2014.12.14"]
[Round "2.8"]
[Board "3"]
[White "Kantor, Gergely"]
[Black "Macovei, Andrei"]
[Result "1-0"]
[WhiteTitle "IM"]
[WhiteElo "2385"]
[BlackElo "2168"]
[WhiteTeam "Hungary 1"]
[BlackTeam "Moldova"]
[WhiteFideId "751499"]
[BlackFideId "13904680"]
[EventDate "2014.12.13"]

1. d4 Nf6 2. c4 e6 3. Nf3 Bb4+ 4. Bd2 a5 5. g3 d6 6. Bg2 Nbd7 7. O-O e5 8. e3
O-O 9. Bc1 exd4 10. exd4 d5 11. c5 a4 12. a3 Bxc5 13. dxc5 Nxc5 14. Nd4 b6 15.
Re1 Qd7 16. Nc3 Ba6 17. Bg5 Nfe4 18. Nxe4 dxe4 19. Be3 Rad8 20. Qc2 f5 21. Red1
Nd3 22. Nc6 Rde8 23. Nb4 Bb5 24. Nxd3 exd3 25. Qc3 c5 26. b3 axb3 27. a4 Ba6 28.
Qxb3+ c4 29. Qxb6 Rf6 30. Qd4 Rd6 31. Qc3 Rb8 32. Bf4 Rb3 33. Qe5 Rf6 34. Rab1
Rxb1 35. Rxb1 h6 36. Qd5+ Qxd5 37. Bxd5+ Kh7 38. Be5 Rf8 39. Bc3 Rd8 40. Bf3 g5
41. h3 h5 42. Kf1 g4 43. hxg4 hxg4 44. Bd1 d2 45. Bc2 Kg8 46. Rd1 Rd6 47. Ke2 f4
48. gxf4 Bb7 49. Rxd2 Re6+ 50. Be5 Bf3+ 51. Ke3 1-0

[Event "World Youth U16 Olympiad"]
[Site "Gyor HUN"]
[Date "2014.12.14"]
[Round "2.8"]
[Board "4"]
[White "Chetrari, Nikita"]
[Black "Antal, Tibor Kende"]
[Result "0-1"]
[BlackTitle "FM"]
[WhiteElo "2117"]
[BlackElo "2292"]
[WhiteTeam "Moldova"]
[BlackTeam "Hungary 1"]
[WhiteFideId "13904647"]
[BlackFideId "738581"]
[EventDate "2014.12.13"]

1. e4 c5 2. Nf3 d6 3. c3 Nf6 4. h3 Nc6 5. Bd3 d5 6. exd5 Qxd5 7. Qe2 Bf5 8. Bc4
Qd6 9. O-O e6 10. d4 cxd4 11. Rd1 d3 12. Bxd3 Bxd3 13. Rxd3 Qc7 14. Bg5 Be7 15.
Nbd2 Nd5 16. Qe4 O-O 17. Rd1 Rad8 18. Bxe7 Ncxe7 19. Nb3 Ng6 20. g3 b5 21. Nbd4
Qb6 22. h4 Nf6 23. Qc6 e5 24. Qxb6 axb6 25. h5 Nxh5 26. Nc2 Rxd3 27. Rxd3 e4 28.
Rd5 Nf6 29. Rxb5 exf3 30. Rxb6 Re8 31. Ne3 Ne5 32. Kf1 Nfg4 33. Nxg4 Nxg4 34. c4
h5 35. Rb3 Re2 36. Rxf3 Rxb2 37. Rf4 Rxa2 38. f3 Ne3+ 39. Kg1 Rc2 0-1